Wordstar instant reference (Record no. 40258)

MARC details
000 -LEADER
fixed length control field 00289nam a2200121Ia 4500
082 ## - DEWEY DECIMAL CLASSIFICATION NUMBER
Classification number 681.31WS
Item number CLA
100 ## - MAIN ENTRY--AUTHOR NAME
Personal name Clark, David J
245 #0 - TITLE STATEMENT
Title Wordstar instant reference
260 ## - PUBLICATION, DISTRIBUTION, ETC. (IMPRINT)
Place of publication Delhi
Name of publisher BPB
Year of publication 1988
650 ## - SUBJECT ADDED ENTRY--TOPICAL TERM
Topical Term Wordstar
942 ## - ADDED ENTRY ELEMENTS (KOHA)
Koha item type Books
Holdings
Withdrawn status Lost status Damaged status Not for loan Home library Current library Date acquired Cost, normal purchase price Full call number Accession Number Koha item type
        RRII Library RRII Library 16/12/2021 36.00 681.31WS CLA 20563 Books